Missing Word: Top Grossing Movies (1998) Quiz Stats

 Plays Quiz Updated Jan 16, 2015

Challenge
Share
Tweet
Embed
Score 0/20 Timer 02:00
1 Play Today
Movie Missing Word % Correct
Saving Private ____Ryan
99.5%
There's Something About ____Mary
93.3%
Six Days, _____ NightsSeven
91.5%
______ Weapon 4Lethal
90.3%
You've Got ____Mail
88.5%
A ___'_ LifeBugs
82.8%
The _____ WhispererHorse
79.3%
The Mask of _____Zorro
78.6%
The Man in the ____ MaskIron
78.3%
_____ of the StateEnemy
73.1%
Movie Missing Word % Correct
The ______ ShowTruman
72.9%
The X-_____Files
69.3%
____ HourRush
68.5%
____ of AngelsCity
68.5%
____ ImpactDeep
67.2%
___________ in LoveShakespeare
63.6%
_____ AdamsPatch
60.3%
Life is _________Beautiful
50.5%
Doctor ________Dolittle
43.2%
The Prince of _____Egypt
29.3%

Today's Daily Dose

You're not logged in!

Compare scores with friends on all Sporcle quizzes.
Join for Free
OR
Log In

You Might Also Like...

Show Comments

Extras

Top Quizzes Today


Score Distribution

Your Account Isn't Verified!

In order to create a playlist on Sporcle, you need to verify the email address you used during registration. Go to your Sporcle Settings to finish the process.

Report this User

Report this user for behavior that violates our Community Guidelines.

Details: